Computational colour science using MATLAB..
"Describes how to implement colour science in a way that most other texts barely touch upon"--
| Main Author: | |
|---|---|
| Other Authors: | , |
| Format: | eBook |
| Language: | English |
| Published: |
Chichester, West Sussex :
John Wiley & Sons,
2012.
|
| Edition: | 2nd ed. / |
| Series: | EngineeringPro.
Wiley-IS & T series in imaging science and technology. |
| Subjects: | |
| Online Access: | Full Text via HEAL-Link |
| LEADER | 04002nam a2200913 4500 | ||
|---|---|---|---|
| 001 | ocn785808946 | ||
| 003 | OCoLC | ||
| 005 | 20170124070245.2 | ||
| 006 | m o d | ||
| 007 | cr cn||||||||| | ||
| 008 | 120413s2012 enk ob 001 0 eng | ||
| 010 | |a 2012015540 | ||
| 040 | |a DLC |b eng |e pn |c DLC |d EBLCP |d N$T |d MERUC |d UIU |d E7B |d DG1 |d COO |d YDXCP |d CDX |d DEBSZ |d DKDLA |d UKDOC |d OCLCF |d MNU |d B24X7 |d UMI |d NKT |d OCLCQ |d OCLCO |d OCLCQ |d GrThAP | ||
| 019 | |a 798700384 |a 821800394 |a 843945986 | ||
| 020 | |a 9781118337042 |q (ePub) | ||
| 020 | |a 1118337042 |q (ePub) | ||
| 020 | |a 9780470710906 |q (Adobe PDF) | ||
| 020 | |a 047071090X |q (Adobe PDF) | ||
| 020 | |a 9781118337059 |q (MobiPocket) | ||
| 020 | |a 1118337050 |q (MobiPocket) | ||
| 020 | |a 9780470710890 |q (electronic bk.) | ||
| 020 | |a 0470710896 |q (electronic bk.) | ||
| 020 | |a 0470688262 |q (cloth) | ||
| 020 | |a 9780470688267 |q (cloth) | ||
| 020 | |a 0470665696 | ||
| 020 | |a 9780470665695 | ||
| 020 | |z 9780470688267 |q (cloth) | ||
| 024 | 8 | |a 9786613655844 | |
| 029 | 1 | |a AU@ |b 000049595413 | |
| 029 | 1 | |a AU@ |b 000049793823 | |
| 029 | 1 | |a AU@ |b 000051433087 | |
| 029 | 1 | |a DEBBG |b BV041121897 | |
| 029 | 1 | |a DEBSZ |b 372815588 | |
| 029 | 1 | |a DEBSZ |b 396768261 | |
| 029 | 1 | |a DEBSZ |b 431146004 | |
| 029 | 1 | |a DEBSZ |b 449303772 | |
| 029 | 1 | |a DKDLA |b 820120-katalog:000599677 | |
| 029 | 1 | |a NZ1 |b 14976470 | |
| 029 | 1 | |a NZ1 |b 16037075 | |
| 029 | 1 | |a DEBBG |b BV041828890 | |
| 035 | |a (OCoLC)785808946 |z (OCoLC)798700384 |z (OCoLC)821800394 |z (OCoLC)843945986 | ||
| 037 | |a 10.1002/9780470710890 |b Wiley InterScience |n http://www3.interscience.wiley.com | ||
| 042 | |a pcc | ||
| 050 | 0 | 0 | |a QC495.8 |
| 072 | 7 | |a SCI |x 053000 |2 bisacsh | |
| 082 | 0 | 0 | |a 535.60285/53 |2 23 |
| 084 | |a SCI053000 |2 bisacsh | ||
| 049 | |a MAIN | ||
| 100 | 1 | |a Westland, Stephen. | |
| 245 | 1 | 0 | |a Computational colour science using MATLAB.. |
| 246 | 3 | |a Computational color science using MATLAB | |
| 250 | |a 2nd ed. / |b Stephen Westland, Caterina Ripamonti, Vien Cheung. | ||
| 264 | 1 | |a Chichester, West Sussex : |b John Wiley & Sons, |c 2012. | |
| 300 | |a 1 online resource. | ||
| 336 | |a text |b txt |2 rdacontent | ||
| 337 | |a computer |b c |2 rdamedia | ||
| 338 | |a online resource |b cr |2 rdacarrier | ||
| 490 | 1 | |a Wiley-IS & T series in imaging science and technology | |
| 520 | |a "Describes how to implement colour science in a way that most other texts barely touch upon"-- |c Provided by publisher. | ||
| 504 | |a Includes bibliographical references and index. | ||
| 588 | 0 | |a Print version record and CIP data provided by publisher. | |
| 505 | 0 | |a Computational Colour Science using MATLAB®; Contents; Acknowledgements; About the Authors; Chapter 1 Introduction; 1.1 Preface; 1.2 Why Base this Book on MATLAB®?; 1.3 A Brief Review of the CIE System of Colorimetry; Chapter 2 Linear Algebra for Beginners; 2.1 Some Basic Definitions; 2.2 Solving Systems of Simultaneous Equations; 2.3 Function Approximation; Chapter 3 A Short Introduction to MATLAB®; 3.1 Matrices; 3.2 Matrix Operations; 3.3 Solving Linear Systems; 3.4 M-Files; 3.5 Using Functions in MATLAB®; Chapter 4 Computing CIE Tristimulus Values; 4.1 Introduction. | |
| 630 | 0 | 0 | |a MATLAB. |
| 630 | 0 | 7 | |a MATLAB. |2 blmlsh |
| 630 | 0 | 7 | |a MATLAB. |2 fast |0 (OCoLC)fst01365096 |
| 630 | 0 | 7 | |a MATLAB. |2 blmsh |
| 650 | 0 | |a Colorimetry. | |
| 650 | 4 | |a Colorimetry. | |
| 650 | 7 | |a SCIENCE |x Optics. |2 bisacsh | |
| 650 | 7 | |a Colorimetry. |2 fast |0 (OCoLC)fst00868731 | |
| 650 | 7 | |a Colorimetry. |2 local | |
| 655 | 4 | |a Electronic books. | |
| 700 | 1 | |a Ripamonti, Caterina. | |
| 700 | 1 | |a Cheung, Vien, |d 1977- | |
| 776 | 0 | 8 | |i Print version: |a Westland, Stephen. |t Computational colour science using MATLAB. |b 2nd ed. / Stephen Westland, Caterina Ripamonti, Vien Cheung. |d Hoboken, NJ : Wiley, 2012 |z 9780470688267 |w (DLC) 2012009212 |
| 830 | 0 | |a EngineeringPro. | |
| 830 | 0 | |a Wiley-IS & T series in imaging science and technology. | |
| 856 | 4 | 0 | |u https://doi.org/10.1002/9780470710890 |z Full Text via HEAL-Link |
| 994 | |a 92 |b DG1 | ||